=LDR 00000nam 2200000 4500 =001 INLIS000000000012738 =005 20130612104229 =008 ***********************************Ind** =035 ##$$0010-061300000012738 =041 ##$$a Ind =082 ##$$a 615.882 =090 ##$$a 615.882, Dal r =100 ##$$a Dalimastha,Tetiawan =245 ##$$a Ramuan Tradisional untuk pengobatan kanker, Setiawan Dalimatha =260 ##$$a 21 cm $b Jakarta =300 ##$$a viii, 96, Ilus, 26 cm =650 ##$$a Obat Tradisional =850 ##$$a NBPNMAT